Library of the University of Algiers 3
Ibrahim Sultan Cheibout
شعار جامعة الجزائر 3
مكتبة جامعة الجزائر 3
إبراهيم سلطان شيبوط

المدير الاستراتيجي : (رقم التسجيلة. 43831)

تفاصيل مارك
000 -LEADER
fixed length control field 01258nam a2200229Ia 4500
003 - CONTROL NUMBER IDENTIFIER
control field Ost
005 - DATE AND TIME OF LATEST TRANSACTION
control field 20260507075309.0
008 - FIXED-LENGTH DATA ELEMENTS--GENERAL INFORMATION
fixed length control field 260507s9999||||xx |||||||||||||| ||und||
040 ## - CATALOGING SOURCE
Transcribing agency fsecg
041 ## - LANGUAGE CODE
Language code of text/sound track or separate title ara
082 ## - DEWEY DECIMAL CLASSIFICATION NUMBER
Classification number 330
100 ## - MAIN ENTRY--PERSONAL NAME
Personal name مرسى، نبيل محمد
Relator term مؤلف
245 #0 - TITLE STATEMENT
Title المدير الاستراتيجي :
Remainder of title هل يمكن لشركتك النجاح بدون إعداد خطة استراتيجية /
Statement of responsibility, etc. نبيل محمد مرسى
260 ## - PUBLICATION, DISTRIBUTION, ETC.
Place of publication, distribution, etc. الاسكندرية:
Name of publisher, distributor, etc. المكتب الجامعي الحديث,
Date of publication, distribution, etc. 2006
300 ## - PHYSICAL DESCRIPTION
Extent 206 صفحة؛
Other physical details إيضاحات ؛
Dimensions 25 سم
520 ## - SUMMARY, ETC.
Summary, etc. كيفية إعداد الاسترتيجية و التدرب على التفكير الاستراتيجي ، الاداء الاستراتيجي و كيفية الممارسة كمدير استراتيجي ، تحليل أوضاع الصناعة و المنافسة في السوق و تحليل موقف الشركة بالمقارنة مع منافسيها و أخيرا كيفية إعداد خطة استراتيجية لشركتك و كيفية تنفيذها بنجاح.
653 ## - INDEX TERM--UNCONTROLLED
Uncontrolled term الإدارة
653 ## - INDEX TERM--UNCONTROLLED
Uncontrolled term المديرون
653 ## - INDEX TERM--UNCONTROLLED
Uncontrolled term رجال الأعمال
653 ## - INDEX TERM--UNCONTROLLED
Uncontrolled term مديرو الشركات
942 ## - ADDED ENTRY ELEMENTS (KOHA)
Koha item type كتب
المقتنيات
Withdrawn status Lost status Source of classification or shelving scheme Damaged status Not for loan Home library Current library Date acquired Serial enumeration / chronology Inventory number Total checkouts Full call number Barcode Date last seen Price effective from Koha item type
    Dewey Decimal Classification   NOT LOAN / إعارة داخلية مكتبة كلية العلوم الإقتصادية والعلوم التجارية وعلوم التسيير مكتبة كلية العلوم الإقتصادية والعلوم التجارية وعلوم التسيير 07/05/2026 الطابق الأرضي 2011/1287   أ/3803ن1 2011/1287 07/05/2026 07/05/2026 كتب
    Dewey Decimal Classification   Available مكتبة كلية العلوم الإقتصادية والعلوم التجارية وعلوم التسيير مكتبة كلية العلوم الإقتصادية والعلوم التجارية وعلوم التسيير 07/05/2026 الطابق الأرضي 2011/1288   أ/3803ن2 2011/1288 07/05/2026 07/05/2026 كتب
    Dewey Decimal Classification   Available مكتبة كلية العلوم الإقتصادية والعلوم التجارية وعلوم التسيير مكتبة كلية العلوم الإقتصادية والعلوم التجارية وعلوم التسيير 07/05/2026 الطابق الثاني 2011/1289   أ/3803ن3 2011/1289 07/05/2026 07/05/2026 كتب

موارد الويب المفتوحة


© University of Algiers 3 All Rights Reserved
|
Implemented by LECHELAH Riad